| 000 | 00571 a2200181 4500 | ||
|---|---|---|---|
| 999 |
_c6285 _d6285 |
||
| 020 | _a0958459932 | ||
| 050 | _aPL8771.02 KHA 2003 | ||
| 100 | _aMurwamphida, Sedzani | ||
| 245 |
_aKha ri ditongise: _bBugu ya mugudi ya u vhala gireidi 1 / _cSedzani Murwamphida, Pandelani Rambau, Sarah Matodzi, Dr Nkhelebeni Phaswana |
||
| 264 |
_aThohoyandou _bKalahari _c2003 |
||
| 300 | _a38p. ; | ||
| 500 | _aVenda | ||
| 650 | _aVenda Literature | ||
| 700 | _aRambau, Pandelani | ||
| 700 | _aPhaswana, Nkhelebeni | ||
| 700 | _aMatodzi, Sarah | ||
| 942 |
_2lcc _cBK _h8771.02 _iKHA _k2003 |
||